书目信息 |
| 题名: |
明清家具鉴藏全书
|
|
| 作者: | 《明清家具鉴藏全书》编委会编写 | |
| 分册: | ||
| 出版信息: | 北京 北京希望电子出版社 2023 |
|
| 页数: | 214页 | |
| 开本: | 24cm | |
| 丛书名: | ||
| 单 册: | ||
| 中图分类: | TS666.204 , G262.5 , TS666 | |
| 科图分类: | ||
| 主题词: | 家具--鉴赏--中国--明清时代 , 家具--收藏--中国--明清时代 | |
| 电子资源: | ||
| ISBN: | 978-7-83002-370-6 | |
| 000 | 00993nam0 2200241 450 | |
| 001 | 2371094724 | |
| 005 | 20231223123740.05 | |
| 010 | @a978-7-83002-370-6@dCNY98.00 | |
| 100 | @a20230419d2023 em y0chiy50 ea | |
| 101 | 0 | @achi |
| 102 | @aCN@b110000 | |
| 105 | @ay z 000yy | |
| 200 | 1 | @a明清家具鉴藏全书@Aming qing jia ju jian cang quan shu@f《明清家具鉴藏全书》编委会编写 |
| 210 | @a北京@c北京希望电子出版社@d2023 | |
| 215 | @a214页@d24cm | |
| 330 | @a本书以独立专题的方式对明清家具的起源和发展、收藏与鉴赏的相关基础知识、时代特征、鉴赏要点、收藏技巧、保养知识等进行了详细地介绍。本书内容丰富, 分类科学, 图片精美, 具有较强的科普性、可读性和实用性。全书共分四章: 第一章, 明清家具的知识概述; 第二章, 明代家具的收藏; 第三章, 清代家具的收藏; 第四章, 明清家具的投资。 | |
| 606 | 0 | @a家具@x鉴赏@y中国@z明清时代 |
| 606 | 0 | @a家具@x收藏@y中国@z明清时代 |
| 690 | @aTS666.204@v5 | |
| 690 | @aG262.5@v5 | |
| 690 | @aTS666@v4 | |
| 801 | 0 | @aCN@b湖北三新@c20230419 |
| 905 | @aZUCC@dTS666@e6 | |
| 明清家具鉴藏全书/《明清家具鉴藏全书》编委会编写.-北京:北京希望电子出版社,2023 |
| 214页;24cm |
| ISBN 978-7-83002-370-6:CNY98.00 |
| 本书以独立专题的方式对明清家具的起源和发展、收藏与鉴赏的相关基础知识、时代特征、鉴赏要点、收藏技巧、保养知识等进行了详细地介绍。本书内容丰富, 分类科学, 图片精美, 具有较强的科普性、可读性和实用性。全书共分四章: 第一章, 明清家具的知识概述; 第二章, 明代家具的收藏; 第三章, 清代家具的收藏; 第四章, 明清家具的投资。 |
| ● |
| 相关链接 |
|
|
|
正题名:明清家具鉴藏全书
索取号:TS666/6
 
预约/预借
| 序号 | 登录号 | 条形码 | 馆藏地/架位号 | 状态 | 备注 |
| 1 | 2001336680 | 2001336680 | 安徽(三新转)/安徽时代(第一批)/1383/ [索取号:TS666/6] | 在馆 | |
| 2 | 2001336681 | 2001336681 | 安徽(三新转)/安徽时代(第一批)/1383/ [索取号:TS666/6] | 在馆 | |
| 3 | 2001336682 | 2001336682 | 安徽(三新转)/安徽时代(第一批)/1383/ [索取号:TS666/6] | 在馆 | |
| 4 | 2001336683 | 2001336683 | 安徽(三新转)/安徽时代(第一批)/1383/ [索取号:TS666/6] | 在馆 | |
| 5 | 2001336684 | 2001336684 | 安徽(三新转)/安徽时代(第一批)/1383/ [索取号:TS666/6] | 在馆 | |
| 6 | 2001336685 | 2001336685 | 安徽(三新转)/安徽时代(第一批)/1383/ [索取号:TS666/6] | 在馆 | |
| 7 | 2001336686 | 2001336686 | 三新/湖北三新(第三批)/1383/ [索取号:TS666/6] | 在馆 | |
| 8 | 2001336687 | 2001336687 | 三新/湖北三新(第三批)/1383/ [索取号:TS666/6] | 在馆 | |
| 9 | 2001336688 | 2001336688 | 三新/湖北三新(第三批)/1383/ [索取号:TS666/6] | 在馆 | |
| 10 | 2001336689 | 2001336689 | 三新/湖北三新(第三批)/1383/ [索取号:TS666/6] | 在馆 | |
| 11 | 2001336690 | 2001336690 | 三新/湖北三新(第三批)/1383/ [索取号:TS666/6] | 在馆 | |
| 12 | 2001336691 | 2001336691 | 三新/湖北三新(第三批)/1383/ [索取号:TS666/6] | 在馆 | |
| 13 | 2001336692 | 2001336692 | 三新/湖北三新(第三批)/1383/ [索取号:TS666/6] | 在馆 | |
| 14 | 2001336693 | 2001336693 | 三新/湖北三新(第三批)/1383/ [索取号:TS666/6] | 在馆 | |
| 15 | 2001336694 | 2001336694 | 三新/湖北三新(第三批)/1383/ [索取号:TS666/6] | 在馆 | |
| 16 | 2001336695 | 2001336695 | 三新/湖北三新(第三批)/1383/ [索取号:TS666/6] | 在馆 | |
| 17 | 2001336696 | 2001336696 | 三新/湖北三新(第三批)/1383/ [索取号:TS666/6] | 在馆 | |
| 18 | 2001336697 | 2001336697 | 三新/湖北三新(第三批)/1383/ [索取号:TS666/6] | 在馆 | |
| 19 | 2001336698 | 2001336698 | 三新/湖北三新(第三批)/1383/ [索取号:TS666/6] | 在馆 | |
| 20 | 2001336699 | 2001336699 | 三新/湖北三新(第三批)/1383/ [索取号:TS666/6] | 在馆 | |
| 21 | 2001336700 | 2001336700 | 三新/湖北三新(第三批)/1383/ [索取号:TS666/6] | 在馆 | |
| 22 | 2001336701 | 2001336701 | 三新/湖北三新(第三批)/1383/ [索取号:TS666/6] | 在馆 | |
| 23 | 2001336702 | 2001336702 | 三新/湖北三新(第三批)/1383/ [索取号:TS666/6] | 在馆 | |
| 24 | 2001336703 | 2001336703 | 三新/湖北三新(第三批)/1383/ [索取号:TS666/6] | 在馆 | |
| 25 | 2001336704 | 2001336704 | 三新/湖北三新(第三批)/1383/ [索取号:TS666/6] | 在馆 | |
| 26 | 2001336705 | 2001336705 | 三新/湖北三新(第三批)/1383/ [索取号:TS666/6] | 在馆 | |
| 27 | 2001336706 | 2001336706 | 三新/湖北三新(第三批)/1383/ [索取号:TS666/6] | 在馆 | |
| 28 | 2001336707 | 2001336707 | 三新/湖北三新(第三批)/1383/ [索取号:TS666/6] | 在馆 | |
| 29 | 2001336708 | 2001336708 | 三新/湖北三新(第三批)/1383/ [索取号:TS666/6] | 在馆 | |
| 30 | 2001336709 | 2001336709 | 三新/湖北三新(第三批)/1383/ [索取号:TS666/6] | 在馆 |